Jeziora Szwajcarii na mapie - Statystyki

Ogólne statystyki
  • Ten quiz został rozwiązany 26 razy
  • Średni wynik to 5 z 8
Odpowiedzi na mapie
Odpowiedzi zakodowano w zielono-czerwonej skali na mapie do tego quizu, zgodnie z poniższymi procentami.
 
Statystyki odpowiedzi
km2 Jezioro % Poprawnych
580 Genewskie
100%
473 Bodeńskie
80%
215 Neuchâtel
73%
114 Czterech Kantonów
60%
48 Lugano
60%
210 Maggiore
53%
88 Zuryskie
53%
63 Untersee
27%
Nie znaleziono quizów pasujących do podanych kryteriów
Rozkład punktacji
Procent ludzi z każdym wynikiem
Percentyl według liczby udzielonych odpowiedzi
Twoja historia wyników
Nie rozwiązałeś tego quizu